| 000 | 00350nam a2200145 4500 | ||
|---|---|---|---|
| 003 | OSt | ||
| 082 |
_a631.3 _bRAN/SO |
||
| 088 | _a603 | ||
| 100 |
_aRanjisha K _94694 |
||
| 245 | _aSoft robotic pineapple gripper / | ||
| 260 | _bDepartment of Farm Machinery and Power Engineering | ||
| 300 | _a116 p. | ||
| 700 |
_aBhaskar, Sindhu _96131 |
||
| 942 | _cTH | ||
| 999 |
_c18076 _d18076 |
||